00797nam a2200181 a 45000010005000000030005000050050017000100080041000270400020000681000024000882450237001122600009003493000035003585050064003936500038004576500052004958560068005475942CDMR20231123165143.0130220s2009||||||||||||||||||||||||||||d aCDMRbcatcCDMR aFanals Gubau, Laura13aPrecarietat laboral i ètica periodística b : una anàlisi de la relació entre condicions de treball i deontologia professional a Catalunya [recurs electrònic] / cLaura Fanals Gubau ; directora: Ruth Rodríguez Martínez c2021 a1 recurs electrònic (970 p.) aTesi doctoral llegida a la Universitat Pompeu Fabra el 2021 0aÈtica periodísticazCatalunya 0aPeriodistesxPràctica professionalzCatalunya40uhttp://hdl.handle.net/10803/670815yDisponible en línia (TDX)